Statistics for Sarah Paulson Filmography

Click here to take the quiz!

General Stats

  • This quiz has been taken 76 times
    (12 since last reset)
  • The average score is 28 of 82

Answer Stats

TypeYearName% Correct
TV Show2011-2021American Horror Story
82%
Film2018Ocean's 8
82%
Film2015Carol
73%
Film2019Glass
73%
Film2020Run
73%
TV Show2016, 2021American Crime Story
64%
Web Series2020-PresentRatched
64%
Film201312 Years a Slave
55%
Film2018Bird Box
55%
Web Series2012Blue
55%
Film2011New Year's Eve
55%
Film2019The Goldfinch
55%
Film2000What Women Want
55%
Film2019Abominable
45%
TV Film2006A Christmas Wedding
45%
Film2016Blue Jay
45%
Film2020Coastal Elites
45%
Film2006Diggers
45%
TV Film2012Game Change
45%
TV Show2010Grey's Anatomy
45%
Film1999Held Up
45%
Film2012Mud
45%
TV Film2010November Christmas
45%
Film2005Swimmers
45%
Film1999The Other Sister
45%
Film2015The Runner
45%
Short Film2011After-School Special
36%
TV Show2005Deadwood
36%
Film2003Down with Love
36%
FilmTBADust
36%
TV Mini-Series2017Feud
36%
Film2011Martha Marcy May Marlene
36%
Web Mini-Series2020Mrs. America
36%
TV Show2004Nip/Tuck
36%
Film2017Rebel in the Rye
36%
TV Show2023Saturday Night Live
36%
Film2005Serenity
36%
TV Film1998The Long Way Home
36%
Film2008The Spirit
36%
TV Show1995-1998American Gothic
27%
Film2002Bug
27%
FilmTBAClybourne Park
27%
TV Show2009Cupid
27%
TV Show2007, 2011Desperate Housewives
27%
Film2012Fairhaven
27%
TV Film1995Friends at Last
27%
Film2006Griffin & Phoenix
27%
TV Show1999-2001Jack & Jill
27%
Film1997Levitation
27%
TV Film2002Path to War
27%
TV Film1996Shaughnessy
27%
Film2012Stars in Shorts
27%
TV Show2006-2007Studio 60 on the Sunset Strip
27%
Film2017The Post
27%
Film2012The Time Being
27%
Theater2005Colder Than Here
18%
Theater2010Collected Stories
18%
Theater2014Conviction
18%
TV Show1997Cracker: Mind Over Murder
18%
Theater2008Crimes of the Heart
18%
TV Show2019Family Guy
18%
Web Mini-Series2020James and the Giant Peach with Taika and Friends
18%
Theater1998-1999Killer Joe
18%
TV Show1994Law & Order
18%
TV Show2010Law & Order: Special Victims Unit
18%
TV Show2002Leap of Faith
18%
TV Pilot2000Metropolis
18%
TV Pilot2008Pretty/Handsome
18%
Web Series2008Puppy Love
18%
TV Show1998Real Life
18%
Theater2009Still Life
18%
Theater1994Talking Pictures
18%
Theater2013Talley's Folly
18%
Theater2006The Cherry Orchard
18%
TV Show2004The D.A.
18%
Theater2005The Glass Menagerie
18%
Film2005The Notorious Bettie Page
18%
Web Mini-SeriesTBAThe Way Down
18%
TV Show2001Touched by an Angel
18%
Short Film2014#twitterkills
18%
Short Film2009Whose Dog Is It Anyway?
18%
Theater2010theaterjam
9%

Score Distribution

Percentile by Number Answered

Percent of People with Each Score

Your Score History

You have not taken this quiz since the last reset